| 000 | 00585nam a22002057a 4500 | ||
|---|---|---|---|
| 001 | 75190 | ||
| 003 | BD-RjUL | ||
| 005 | 20211209082646.0 | ||
| 008 | 190130s1962 ii ||||| |||| 00| 0 eng d | ||
| 035 | _a(BD-RjUL)75408 | ||
| 040 |
_aBD-RjUL _beng _cBD-RjUL |
||
| 041 | _aeng | ||
| 082 |
_223 _a732.44 _bAGM 1962 |
||
| 100 |
_aAgrawala, Vasudeva S. _9227512 |
||
| 245 | 1 | 0 |
_aMathura Museum catalogue / _cby Vasudeva S. Agrawala. |
| 260 |
_aLucknow : _bU.P. Historical Society, _c1962. |
||
| 300 |
_a v. ; _c24 cm. |
||
| 650 |
_aMathura Archaeological Museum. _9227513 |
||
| 942 |
_2ddc _cBK |
||
| 999 |
_c75190 _d75190 |
||